What is Packging Design (Record no. 239598)

MARC details
000 -LEADER
fixed length control field 00312pam a2200133 a 4500
020 ## - INTERNATIONAL STANDARD BOOK NUMBER
Terms of availability
041 ## - LANGUAGE CODE
Language code of original
082 ## - DEWEY DECIMAL CLASSIFICATION NUMBER
Classification number 688.8
Item number TAY
100 ## - MAIN ENTRY--PERSONAL NAME
Personal name Giles Laher .
245 ## - TITLE STATEMENT
Title What is Packging Design
Medium Textual Documents
260 ## - PUBLICATION, DISTRIBUTION, ETC.
Place of publication, distribution, etc. [s.l]:
Name of publisher, distributor, etc. Page one Publishing ,
Date of publication, distribution, etc. 2007.
300 ## - PHYSICAL DESCRIPTION
Extent 255:
Other physical details paper.
930 ## - EQUIVALENCE OR CROSS-REFERENCE-UNIFORM TITLE HEADING [LOCAL, CANADA]
Uniform title 5808
Holdings
Withdrawn status Lost status Damaged status Not for loan Collection Home library Current library Date acquired Source of acquisition Cost, normal purchase price Total Checkouts Full call number Barcode Date last seen Copy number Price effective from Koha item type
          College of Fine Arts, Pune College of Fine Arts, Pune 27/11/2010 Bhararti Sahakari Grahak Bhandar 1361.84   688.8 TAY FAP-6133 07/03/2023 1 07/03/2023 Book